| 000 | 00329nam a22001217a 4500 | ||
|---|---|---|---|
| 008 | 230619b xxu||||| |||| 00| 0 eng d | ||
| 082 |
_a294.5 _bBES |
||
| 110 | _bThe Theosophical Publishing House | ||
| 245 |
_aHinduism _bAnnie Besant |
||
| 260 |
_aIndia _bThe Theosophical Publishing House _c1963 |
||
| 300 | _a39p | ||
| 942 |
_2ddc _cBK |
||
| 999 |
_c1360 _d1360 |
||